[Event "Vlissingen HZ op 23rd"]
[Site "Vlissingen"]
[Date "2019.08.04"]
[Round "3"]
[White "Burg, Henk"]
[Black "Verbruggen, Samuel"]
[Result "0-1"]
[WhiteElo "1698"]
[BlackElo "1960"]
[PlyCount "186"]
[EventDate "2019.08.03"]
[EventType "swiss"]
[EventRounds "9"]
[EventCountry "NED"]
[SourceTitle "CBM 191 Extra"]
[Source "ChessBase"]
[SourceDate "2019.09.30"]
[SourceVersion "1"]
[SourceVersionDate "2019.09.30"]
[SourceQuality "1"]

1. e4 c5 2. Nc3 Nc6 3. g3 g6 4. Bg2 Bg7 5. d3 e6 6. f4 Nge7 7. Nf3 d5 8. 0-0 Rb8 9. Ne2 d4 10. c3 dxc3 11. bxc3 0-0 12. Rb1 b6 13. d4 Ba6 14. Be3 cxd4 15. cxd4 Bxe2 16. Qxe2 Nxd4 17. Nxd4 Bxd4 18. Rfd1 Bxe3+ 19. Qxe3 Qe8 20. Bf1 Rd8 21. Rdc1 Qd7 22. Rc2 Rc8 23. Rd2 Qc7 24. Rbd1 Rcd8 25. Kg2 Kg7 26. Bb5 Nc8 27. Rd7 Rxd7 28. Rxd7 Qc2+ 29. Rd2 Qb1 30. Qd4+ Kg8 31. Bd3 Qc1 32. Rc2 Qa3 33. Qc3 Qxc3 34. Rxc3 Rd8 35. Kf3 Nd6 36. Ke3 Nb7 37. Rc7 Nc5 38. Be2 Rd7 39. Rc8+ Kg7 40. Bb5 Rd1 41. Rc7 a6 42. Be8 Kf8 43. Bc6 Rd3+ 44. Ke2 Ra3 45. e5 Rxa2+ 46. Kf3 Rxh2 47. Rc8+ Kg7 48. Be8 h5 49. Rc7 Kf8 50. Bxf7 h4 51. gxh4 Rxh4 52. Bxg6 Rh6 53. Bb1 Ke8 54. Kg4 a5 55. Rc6 Kd7 56. Rxb6 a4 57. f5 Kc7 58. Rb2 exf5+ 59. Kxf5 Rh5+ 60. Kf6 Nd7+ 61. Kg6 Rxe5 62. Rb4 Ra5 63. Bc2 a3 64. Bb3 Nc5 65. Bg8 Kc6 66. Rh4 Kb5 67. Bc4+ Kb4 68. Ba2+ Kc3 69. Rh3+ Nd3 70. Rh2 Ne5+ 71. Kh7 Rb5 72. Rh3+ Kb4 73. Rh4+ Ka5 74. Be6 Rb4 75. Rh5 Re4 76. Bd5 Re3 77. Bg8 Kb4 78. Rh4+ Kc3 79. Ra4 Kb2 80. Ra8 Nd3 81. Rb8+ Ka1 82. Ra8 Nc5 83. Rc8 Rc3 84. Re8 Kb2 85. Rb8+ Nb3 86. Ra8 a2 87. Rxa2+ Kxa2 88. Kg7 Rc6 89. Kf7 Ka3 90. Ke7 Nc5 91. Bd5 Rh6 92. Kf7 Kb4 93. Kg7 Ra6 0-1

[Event "Dublin Irish op"]
[Site "Dublin"]
[Date "2019.04.19"]
[Round "4"]
[White "Burg, Henk"]
[Black "Tempany, Max"]
[Result "1-0"]
[WhiteElo "1719"]
[BlackElo "1519"]
[PlyCount "79"]
[EventDate "2019.04.17"]
[EventType "swiss"]
[EventRounds "9"]
[EventCountry "IRL"]
[SourceTitle "CBM 190 Extra"]
[Source "ChessBase"]
[SourceDate "2019.07.15"]
[SourceVersion "1"]
[SourceVersionDate "2019.07.15"]
[SourceQuality "1"]

1. e4 c5 2. Nf3 d6 3. d4 cxd4 4. Nxd4 Nf6 5. Nc3 a6 6. Bg5 e6 7. f4 h6 8. Bh4 Qb6 9. Rb1 Nbd7 10. Bf2 Qc7 11. Bd3 Be7 12. 0-0 b5 13. f5 e5 14. Nb3 Bb7 15. a3 0-0 16. Qe2 Rac8 17. Rbc1 d5 18. exd5 Nxd5 19. Nxd5 Bxd5 20. Nd2 Nc5 21. Be4 Nxe4 22. Nxe4 Bc4 23. Qg4 Qc6 24. Rfe1 Bd5 25. c3 Rfe8 26. h3 Rcd8 27. f6 Bxf6 28. Nxf6+ Qxf6 29. h4 Bc6 30. Rcd1 Bd7 31. Rxd7 Rxd7 32. Qxd7 Rd8 33. Qg4 Rd2 34. Re2 Rd1+ 35. Kh2 Rf1 36. Bg3 Qb6 37. Bxe5 f6 38. Bd4 Qb8+ 39. g3 h5 40. Qxh5 1-0

[Event "Vlissingen HZ op 21st"]
[Site "Vlissingen"]
[Date "2017.08.05"]
[Round "1"]
[White "Huesmann, Thomas"]
[Black "Burg, Henk"]
[Result "1-0"]
[WhiteElo "2279"]
[BlackElo "1808"]
[PlyCount "65"]
[EventDate "2017.08.05"]
[EventType "swiss"]
[EventRounds "9"]
[EventCountry "NED"]
[SourceTitle "CBM 179 Extra"]
[Source "ChessBase"]
[SourceDate "2017.08.23"]
[SourceVersion "1"]
[SourceVersionDate "2017.08.23"]
[SourceQuality "1"]

1. e4 c5 2. c3 d5 3. exd5 Qxd5 4. d4 Nc6 5. Nf3 Nf6 6. Be2 Bg4 7. c4 Qd6 8. d5 Bxf3 9. Bxf3 Nd4 10. 0-0 g6 11. Be3 Bg7 12. Bxd4 cxd4 13. Qxd4 0-0 14. Nc3 e5 15. Qd1 Rac8 16. Be2 a6 17. Qb3 Nd7 18. Ne4 Qb8 19. Rac1 Bh6 20. Rcd1 f5 21. Qh3 Kg7 22. Nc3 Qd6 23. a3 e4 24. Na4 Bf4 25. b4 g5 26. c5 Qe7 27. Qb3 Rf6 28. g3 Be5 29. d6 Qf8 30. Qd5 Rh6 31. Nb6 f4 32. Nxd7 Qf5 33. Qxe5+ 1-0

[Event "Goch op 26th"]
[Site "Goch"]
[Date "2015.09.04"]
[Round "3"]
[White "Reipen, Torben"]
[Black "Burg, Henk"]
[Result "0-1"]
[WhiteElo "1581"]
[BlackElo "1809"]
[PlyCount "46"]
[EventDate "2015.09.03"]
[EventType "swiss"]
[EventRounds "7"]
[EventCountry "GER"]
[SourceTitle "EXT 2018"]
[Source "ChessBase"]
[SourceDate "2017.10.13"]
[SourceVersion "1"]
[SourceVersionDate "2017.10.13"]
[SourceQuality "1"]

1. e4 c5 2. Nf3 e6 3. d4 cxd4 4. Nxd4 Nc6 5. Nc3 Qc7 6. Bc4 Nf6 7. f3 a6 8. Be3 Bb4 9. Nxc6 bxc6 10. Qd3 d5 11. exd5 cxd5 12. Bb3 0-0 13. Qd4 Rb8 14. Bf4 Bd6 15. Bxd6 Qxd6 16. a3 Rd8 17. 0-0-0 Qc7 18. Ne4 Nxe4 19. fxe4 Rxb3 20. Kb1 Rb8 21. Rhe1 e5 22. Qd3 d4 23. c3 Bg4 0-1

[Event "Lueneburg op-A"]
[Site "Lueneburg"]
[Date "2015.08.15"]
[Round "1"]
[White "Burg, Henk"]
[Black "Hoffmann, Lukas"]
[Result "0-1"]
[WhiteElo "1805"]
[BlackElo "2265"]
[PlyCount "176"]
[EventDate "2015.08.15"]
[EventType "swiss"]
[EventRounds "9"]
[EventCountry "GER"]
[SourceTitle "EXT 2016"]
[Source "ChessBase"]
[SourceDate "2015.10.08"]
[SourceVersion "1"]
[SourceVersionDate "2015.10.08"]
[SourceQuality "1"]

1. e4 c6 2. d4 d5 3. Nd2 Qc7 4. Bd3 dxe4 5. Nxe4 Bf5 6. Ng3 Bxd3 7. Qxd3 Nf6 8. Nf3 e6 9. Bd2 Nbd7 10. c3 Be7 11. Ne4 0-0 12. Bg5 Rad8 13. Qe2 Rfe8 14. 0-0 Nxe4 15. Qxe4 Nf6 16. Bxf6 Bxf6 17. Qc2 Rd5 18. Rad1 Red8 19. Rfe1 Qf4 20. Re4 Qf5 21. Rde1 h5 22. Qe2 c5 23. c4 R5d7 24. dxc5 Qxc5 25. h3 Rd3 26. b3 Qf5 27. Re3 R3d6 28. Rf1 g6 29. Kh2 Kg7 30. g3 a5 31. Kg2 a4 32. Rc1 axb3 33. axb3 Qc5 34. Rc2 Qc6 35. Kh2 Rd1 36. Ng1 R8d4 37. Qf3 Qxf3 38. Nxf3 R4d3 39. Rce2 Rd8 40. Kg2 Kf8 41. g4 hxg4 42. hxg4 g5 43. Rc2 R8d3 44. Rce2 Ke7 45. Rxd3 Rxd3 46. Re3 Rd1 47. Re1 Rd6 48. Re3 Ra6 49. Ne5 Ra3 50. Nf3 Ra2 51. Rd3 Rb2 52. Nd2 Ke8 53. Kf3 Be7 54. Ne4 f6 55. Kg3 f5 56. gxf5 exf5 57. Nd2 Kf7 58. f3 Ke6 59. Nf1 Rb1 60. Kg2 Rb2+ 61. Kg3 Bd6+ 62. Kh3 Be5 63. Re3 Kf6 64. Rd3 Bf4 65. Rc3 Ke5 66. Rd3 Re2 67. Rd5+ Kf6 68. Ng3 Bxg3 69. Kxg3 f4+ 70. Kh3 Rf2 71. Rd3 Kf5 72. Rd5+ Kg6 73. Rd6+ Kf5 74. Rd5+ Kf6 75. Rd3 Ke6 76. c5 Re2 77. Rd6+ Kf5 78. Rd5+ Kg6 79. Rd6+ Kh5 80. Rd3 Rc2 81. b4 Rb2 82. Rd4 Rb3 83. Kg2 Kh4 84. Rd2 Rxb4 85. Rc2 Rb3 86. c6 bxc6 87. Rxc6 Rb2+ 88. Kf1 Kg3 0-1

[Event "Arber op 4th"]
[Site "Bayerisch Eisenstein"]
[Date "2015.08.01"]
[Round "1"]
[White "Schelle, Artur"]
[Black "Burg, Henk"]
[Result "1/2-1/2"]
[WhiteElo "2204"]
[BlackElo "1805"]
[PlyCount "95"]
[EventDate "2015.08.01"]
[EventType "swiss"]
[EventRounds "9"]
[EventCountry "GER"]
[SourceTitle "EXT 2016"]
[Source "ChessBase"]
[SourceDate "2015.10.08"]
[SourceVersion "1"]
[SourceVersionDate "2015.10.08"]
[SourceQuality "1"]

1. e4 c5 2. Nc3 e6 3. f4 Nc6 4. Nf3 d6 5. Bb5 Bd7 6. 0-0 Nd4 7. Nxd4 cxd4 8. Bxd7+ Qxd7 9. Ne2 e5 10. d3 Nf6 11. Ng3 g6 12. fxe5 Ng4 13. h3 Nxe5 14. Ne2 Nc6 15. Nf4 Ne7 16. Nd5 Nxd5 17. exd5 0-0-0 18. Qf3 f5 19. Bg5 Re8 20. Rae1 Bg7 21. Bf4 Be5 22. c3 dxc3 23. Bxe5 Rxe5 24. Rxe5 dxe5 25. bxc3 Re8 26. Re1 Qd6 27. Qf2 Qxd5 28. Qxa7 Re6 29. Qa8+ Kc7 30. Qf8 Qd6 31. Qf7+ Re7 32. Qc4+ Qc6 33. Qh4 Qd6 34. Kh1 Rd7 35. Qc4+ Kb8 36. Qb5 Qxd3 37. Qxe5+ Qd6 38. Qa5 Re7 39. Rxe7 Qxe7 40. c4 Qe2 41. Qd8+ Ka7 42. Qd4+ Kb8 43. a4 Qf1+ 44. Kh2 f4 45. a5 f3 46. Qf4+ Ka7 47. Qe3+ Kb8 48. Qf4+ 1/2-1/2

[Event "Lisbon Christmas op"]
[Site "Lisbon"]
[Date "2014.12.26"]
[Round "1"]
[White "Brana Lopez, Eduardo"]
[Black "Burg, Henk"]
[Result "0-1"]
[WhiteElo "1990"]
[BlackElo "1801"]
[PlyCount "54"]
[EventDate "2014.12.26"]
[EventType "swiss"]
[EventRounds "9"]
[EventCountry "POR"]
[SourceTitle "EXT 2018"]
[Source "ChessBase"]
[SourceDate "2017.10.13"]
[SourceVersion "1"]
[SourceVersionDate "2017.10.13"]
[SourceQuality "1"]

1. e4 c5 2. Nf3 e6 3. c4 Nc6 4. Nc3 Qc7 5. g3 a6 6. Bg2 g6 7. 0-0 Bg7 8. d3 Nge7 9. Bf4 d6 10. Qd2 0-0 11. Bh6 Bd7 12. Rac1 Rab8 13. Rfd1 Nd4 14. Nxd4 cxd4 15. Ne2 e5 16. Bxg7 Kxg7 17. f4 f5 18. fxe5 dxe5 19. Rf1 fxe4 20. Bxe4 Bh3 21. Rxf8 Rxf8 22. Qg5 Nf5 23. Re1 h6 24. Qd2 Ne3 25. Nc1 Qf7 26. Qe2 Bg4 27. Qd2 Qf1+ 0-1

[Event "Goch op 25th"]
[Site "Goch"]
[Date "2014.09.05"]
[Round "2"]
[White "Burg, Henk"]
[Black "Kozakowski, Jerzy"]
[Result "1/2-1/2"]
[WhiteElo "1809"]
[BlackElo "1529"]
[PlyCount "72"]
[EventDate "2014.09.04"]
[EventType "swiss"]
[EventRounds "7"]
[EventCountry "GER"]
[SourceTitle "EXT 2016"]
[Source "ChessBase"]
[SourceDate "2015.10.08"]
[SourceVersion "1"]
[SourceVersionDate "2015.10.08"]
[SourceQuality "1"]

1. e4 e6 2. d4 d5 3. Nd2 Nf6 4. e5 Nfd7 5. Bd3 c5 6. c3 Be7 7. Ne2 0-0 8. 0-0 cxd4 9. cxd4 f6 10. exf6 Nxf6 11. Nf3 Nc6 12. Bg5 Ng4 13. Bxe7 Qxe7 14. Ng3 Bd7 15. Rc1 Rac8 16. a3 a6 17. Re1 b5 18. h3 Nf6 19. Bb1 b4 20. Nf5 Qd8 21. Nd6 Rb8 22. Ng5 Qc7 23. Nxe6 Qxd6 24. Nxf8 Rxf8 25. axb4 Qxb4 26. Qd3 Nxd4 27. Qxa6 Bb5 28. Qb7 Qxb2 29. Rc7 Ne6 30. Rxe6 Qxb1+ 31. Kh2 Qf5 32. Rxg7+ Kh8 33. Ree7 Qf4+ 34. Rg3 Ng4+ 35. hxg4 Qh6+ 36. Rh3 Qf4+ 1/2-1/2

[Event "Goch op 24th"]
[Site "Goch"]
[Date "2013.09.05"]
[Round "1"]
[White "Liedtke, Dirk"]
[Black "Burg, Henk"]
[Result "1-0"]
[WhiteElo "2189"]
[BlackElo "1834"]
[PlyCount "47"]
[EventDate "2013.09.05"]
[EventType "swiss"]
[EventRounds "7"]
[EventCountry "GER"]
[SourceTitle "EXT 2015"]
[Source "ChessBase"]
[SourceDate "2014.11.20"]
[SourceVersion "1"]
[SourceVersionDate "2014.11.20"]
[SourceQuality "1"]

1. c4 g6 2. Nc3 Bg7 3. g3 c6 4. Bg2 e5 5. d3 f5 6. h4 d6 7. Bg5 Qb6 8. Qd2 Be6 9. h5 gxh5 10. Bf3 Bf7 11. e4 Bg6 12. exf5 Bxf5 13. Ne4 Qc7 14. Bxh5+ Bg6 15. c5 Bxh5 16. Nxd6+ Kf8 17. Rxh5 Nd7 18. Ne4 Ngf6 19. Bxf6 Nxf6 20. Rf5 Ke7 21. Qg5 Rhg8 22. Nxf6 Qa5+ 23. Kf1 h6 24. Nxg8+ 1-0

[Event "Le Touquet op 26th"]
[Site "Le Touquet"]
[Date "2011.10.23"]
[Round "2"]
[White "Rigolot, Lucie"]
[Black "Burg, Henk"]
[Result "1-0"]
[WhiteElo "1981"]
[BlackElo "1888"]
[PlyCount "69"]
[EventDate "2011.10.22"]
[EventType "swiss"]
[EventRounds "9"]
[EventCountry "FRA"]
[SourceTitle "EXT 2012"]
[Source "ChessBase"]
[SourceDate "2011.11.24"]
[SourceVersion "1"]
[SourceVersionDate "2011.11.24"]
[SourceQuality "1"]

1. e4 c5 2. Nf3 e6 3. d4 cxd4 4. Nxd4 Nc6 5. c4 Nf6 6. Nc3 Bb4 7. Nxc6 bxc6 8. Bd3 d5 9. exd5 exd5 10. 0-0 0-0 11. Qb3 Rb8 12. cxd5 Nxd5 13. Nxd5 cxd5 14. a3 Bd6 15. Qa4 Qc7 16. Qh4 g6 17. Bh6 Re8 18. Rac1 Qe7 19. Bg5 Qe6 20. b4 Bf8 21. Be3 Be7 22. Qd4 Bd7 23. Rc7 a5 24. bxa5 Bxa3 25. Qa7 Red8 26. Rb7 Rxb7 27. Qxb7 Bc6 28. Qb6 Ra8 29. Ra1 Bd6 30. Rc1 Ba4 31. g3 Qd7 32. a6 Bb8 33. Qb7 Qxb7 34. axb7 Ra5 35. Bb6 1-0

[Event "Bad Zwesten op 9th"]
[Site "Bad Zwesten"]
[Date "2005.01.07"]
[Round "8"]
[White "Huss, Rolf"]
[Black "Burg, Henk"]
[Result "0-1"]
[WhiteElo "2146"]
[BlackElo "1801"]
[PlyCount "48"]
[EventDate "2005.01.02"]
[EventType "swiss"]
[EventRounds "9"]
[EventCountry "GER"]
[SourceTitle "CBM 104 Extra"]
[Source "ChessBase"]
[SourceDate "2005.03.01"]
[SourceVersion "1"]
[SourceVersionDate "2005.03.01"]
[SourceQuality "1"]

1. d4 Nf6 2. Nf3 g6 3. c4 Bg7 4. Nc3 d5 5. Bg5 Ne4 6. cxd5 Nxg5 7. Nxg5 0-0 8. Nf3 c6 9. dxc6 Nxc6 10. e3 e5 11. d5 e4 12. dxc6 exf3 13. Qxf3 Qb6 14. Qe2 bxc6 15. Rc1 Rb8 16. b3 Qb4 17. Qd2 Bf5 18. Na4 Qa3 19. Rd1 Bf6 20. Bc4 Rfd8 21. Qa5 Rxd1+ 22. Kxd1 Qxa2 23. Bxf7+ Kh8 24. Qc5 Rd8+ 0-1

[Event "Bad Zwesten op 9th"]
[Site "Bad Zwesten"]
[Date "2005.01.06"]
[Round "7"]
[White "Burg, Henk"]
[Black "Schmitz, Andreas Arnold"]
[Result "1/2-1/2"]
[WhiteElo "1801"]
[BlackElo "2155"]
[PlyCount "41"]
[EventDate "2005.01.02"]
[EventType "swiss"]
[EventRounds "9"]
[EventCountry "GER"]
[SourceTitle "CBM 104 Extra"]
[Source "ChessBase"]
[SourceDate "2005.03.01"]
[SourceVersion "1"]
[SourceVersionDate "2005.03.01"]
[SourceQuality "1"]

1. e4 e6 2. d4 d5 3. Nd2 Nf6 4. e5 Nfd7 5. Bd3 c5 6. c3 Nc6 7. Ne2 cxd4 8. cxd4 Qb6 9. Nf3 Bb4+ 10. Kf1 f6 11. exf6 Nxf6 12. Bf4 0-0 13. Ng5 h6 14. Nf3 Nh5 15. Be3 Bd6 16. Qd2 Rf6 17. Ne5 Rf8 18. Ng6 Rf7 19. Ne5 Rf8 20. Ng6 Rf7 21. Ne5 1/2-1/2

[Event "Bad Zwesten op 9th"]
[Site "Bad Zwesten"]
[Date "2005.01.03"]
[Round "3"]
[White "Burg, Henk"]
[Black "Kuhn, Gerhard"]
[Result "0-1"]
[WhiteElo "1801"]
[BlackElo "2092"]
[PlyCount "86"]
[EventDate "2005.01.02"]
[EventType "swiss"]
[EventRounds "9"]
[EventCountry "GER"]
[SourceTitle "CBM 104 Extra"]
[Source "ChessBase"]
[SourceDate "2005.03.01"]
[SourceVersion "1"]
[SourceVersionDate "2005.03.01"]
[SourceQuality "1"]

1. e4 c6 2. d4 d5 3. Nd2 dxe4 4. Nxe4 Nd7 5. Nf3 Ngf6 6. Ng3 e6 7. Bd3 c5 8. dxc5 Bxc5 9. 0-0 0-0 10. Qe2 Qc7 11. Bg5 h6 12. Bxf6 Nxf6 13. Ne4 Be7 14. Nxf6+ Bxf6 15. c3 Bd7 16. Rfd1 Bc6 17. Be4 Bxe4 18. Qxe4 Rfd8 19. Qe2 Qa5 20. a3 Qa4 21. h3 a6 22. Rac1 Rac8 23. Rxd8+ Rxd8 24. Qc2 Qb5 25. Re1 Rd6 26. Re2 Qd7 27. Rd2 Rxd2 28. Qxd2 Qxd2 29. Nxd2 Bg5 30. Nb1 Kf8 31. Kf1 Ke7 32. Ke2 Kd6 33. Kd3 f5 34. a4 e5 35. f3 Kd5 36. c4+ Kc5 37. Kc3 a5 38. Na3 Bf6 39. Nc2 e4+ 40. Kb3 Bd4 41. fxe4 fxe4 42. Ne1 b6 43. g4 Bf2 0-1

[Event "Le Touquet op-B 19th"]
[Site "Le Touquet"]
[Date "2004.10.29"]
[Round "4"]
[White "Poslednik, Patrick"]
[Black "Burg, Henk"]
[Result "0-1"]
[WhiteElo "1680"]
[BlackElo "1799"]
[PlyCount "68"]
[EventDate "2004.10.25"]
[EventType "swiss"]
[EventRounds "9"]
[EventCountry "FRA"]
[SourceTitle "EXT 2006"]
[Source "ChessBase"]
[SourceDate "2005.11.24"]
[SourceVersion "1"]
[SourceVersionDate "2005.11.24"]
[SourceQuality "1"]

1. e4 c5 2. Nf3 d6 3. d4 cxd4 4. Nxd4 Nf6 5. Nc3 a6 6. Bc4 e6 7. Bg5 Be7 8. f4 Qc7 9. Bb3 Nc6 10. Qd2 h6 11. Bxf6 Bxf6 12. Nde2 b5 13. a3 Bb7 14. 0-0 Na5 15. Ba2 Rd8 16. Ng3 0-0 17. f5 Nc4 18. Bxc4 Qxc4 19. fxe6 fxe6 20. Rae1 Bxc3 21. bxc3 Rxf1+ 22. Rxf1 Bxe4 23. Rf4 Qc5+ 24. Kh1 Bb7 25. Rg4 Qd5 26. Rd4 Qe5 27. Rg4 Rf8 28. h3 Kh8 29. Rg6 Bd5 30. Rxh6+ gxh6 31. Qxh6+ Kg8 32. Qg6+ Qg7 33. Qd3 Rf2 34. Nh5 Qxg2# 0-1

[Event "Geraardsbergen op"]
[Site "Geraardsbergen"]
[Date "2003.08.16"]
[Round "5"]
[White "Van Amerongen, Arjen"]
[Black "Burg, Henk"]
[Result "1-0"]
[WhiteElo "1951"]
[BlackElo "1778"]
[PlyCount "51"]
[EventDate "2003.08.??"]
[EventType "swiss"]
[EventRounds "7"]
[EventCountry "BEL"]
[SourceTitle "EXT 2005"]
[Source "ChessBase"]
[SourceDate "2004.11.15"]
[SourceVersion "1"]
[SourceVersionDate "2004.11.15"]
[SourceQuality "1"]

1. e4 c5 2. Nf3 d6 3. d4 cxd4 4. Nxd4 Nf6 5. Nc3 a6 6. f4 e6 7. Bd3 Nc6 8. Nf3 Be7 9. 0-0 0-0 10. a4 Qc7 11. Qe1 Nb4 12. Bd2 Nxd3 13. cxd3 Bd7 14. Kh1 Bc6 15. Qg3 Nh5 16. Qh3 g6 17. f5 exf5 18. exf5 Qd7 19. Nd4 Bd8 20. Nxc6 bxc6 21. Bh6 Re8 22. fxg6 Ng3+ 23. hxg3 Qxh3+ 24. gxh3 fxg6 25. Bf4 d5 26. h4 1-0